00782nam a22001817a 450000500170000000800410001702000150005805000210007310000220009424501770011625000110029326000330030430000220033744000330035950001210039265000500051370000370056320150124125402.0131025t mx ||||| |||| 00| 0 spa d a968162245604aPN173bM87 1986 1 aMurphy, James J. 13aLa Retórica en la Edad Media b: Historia de la teoría de la retórica desde San Agustín hasta el renacimiento c / Murphy, James J. ; tr. Guillermo, Hirata Vaquera, a1a ed. aMéxico : bF.C.E., cc1986 a407 p. ; c23 cm. 0aLengua y estudios literarios aTraducción de : Rhetoric in the Middle Ages. A History of Rhetorical Theory from St. Ausustine to the Renaissance. 72LembaRetórica medieval xRetorica antigua 1 aHirata Vaquera, Guillermo,e tr.